| 000 | 00429nam a22001457a 4500 | ||
|---|---|---|---|
| 020 | _a812192314X | ||
| 082 |
_a620 _bRAJ _cN-01, P-178 |
||
| 100 |
_aS.Chand _940471 |
||
| 245 |
_aFinite element analysis in engineering design _bS. Chand |
||
| 260 |
_aNew Delhi _bS.Chand & Company Ltd. _c1999 |
||
| 300 |
_aviii, 628 p. : _bill, ; _c24 cm. |
||
| 526 |
_a0 _b0 _c0 _d620_000000000000000_RAJ |
||
| 650 |
_aNUST _96342 |
||
| 942 |
_2ddc _cBK |
||
| 999 |
_c544751 _d544751 |
||